| 000 | 00999nam a22002897a 4500 | ||
|---|---|---|---|
| 001 | 9074 | ||
| 003 | FISKH | ||
| 005 | 20251118162223.0 | ||
| 008 | 251118b cb ||||| |||| 00| 0 eng d | ||
| 020 | _a9781338158915 | ||
| 040 |
_aFISKH _beng _cFISKH _dFISKH |
||
| 050 | _aQA76.S27 W39 | ||
| 082 | _a621.39092 | ||
| 100 | _aWaxman, Laura Hamilton | ||
| 245 |
_aComputer engineer Ruchi Sanghvi / _cBy Laura Hamilton Waxman |
||
| 260 |
_aNew York : _bScholastic , _c2015. |
||
| 300 |
_a32 pages : _bcolor illustrations ; _c23 cm . |
||
| 490 | _aSTEM trailblazer BIOS | ||
| 505 | _aV | ||
| 520 | _aDiscusses Sanghvi's early life in India and education in the U.S., as well as how her work as the first female engineer at Facebook helped it become the largest social networking site in the world. | ||
| 521 | 8 |
_a840
_bLexile |
|
| 521 | 8 |
_aV
_bRaz-Plus |
|
| 650 |
_aMulticultural _vNon-fiction |
||
| 650 |
_aBiography _vNon-fiction |
||
| 942 |
_2ddc _cBK _n0 |
||
| 999 |
_c9074 _d9074 |
||